000 00661nam a22002655i 4500
001 19899314
005 20180112065741.0
008 170811s2017 mau 000 0 eng
010 _a 2017952219
020 _a003342643
020 _a9781337392945 (alk. paper)
020 _a9781337392952 (alk. paper)
040 _aDLC
_beng
_erda
_cDLC
041 _aeng
042 _apcc
080 _a573
082 _2573 SOL
100 1 _a11
101 _aBIO
245 1 0 _aBiology /
_cEldra P. Solomon, Charles E. Martin, Berg.
263 _a1711
906 _a0
_bibc
_corignew
_d2
_eepcn
_f20
_gy-gencatlg
942 _2ddc
_cBK
999 _c40206
_d40206